Stanovenie závislosti kvality povrchu lešteného plazmovým výbojom od doby používania elektrolytu
Salvato in:
| Autore principale: | |
|---|---|
| Altri autori: | |
| Natura: | Manoscritto Libro |
| Lingua: | slovacco |
| Pubblicazione: |
2025
|
| Soggetti: | |
| Accesso online: | http://is.stuba.sk/zp/portal_zp.pl?podrobnosti=180795 |
| Tags: |
Nessun Tag, puoi essere il primo ad aggiungerne!!
|
MARC
| LEADER | 00000ntm a22000003a 4500 | ||
|---|---|---|---|
| 001 | stuzp103944 | ||
| 003 | SK-STU | ||
| 005 | 20250628211021.2 | ||
| 007 | ta | ||
| 008 | 150427s2015----xo-----f-mn---000-0-slo-d | ||
| 040 | |a STU |b slo | ||
| 041 | 0 | |a slo | |
| 100 | 1 | |a Fiľo, Milan |u 063000 |4 aut |U MTF Materiálovotechnologická fakulta |T MTF Ústav výrobných technológií |X 121791 |U M3000 |Y 83 |7 121791 | |
| 242 | 0 | 1 | |a Determination of the dependence of the quality of the surface polished by plasma discharge electrolyte depending on the time of use of the electrolyte |y eng |
| 245 | 1 | 0 | |a Stanovenie závislosti kvality povrchu lešteného plazmovým výbojom od doby používania elektrolytu |
| 260 | |c 2025 | ||
| 650 | 4 | |a elektrolyt |2 slo | |
| 650 | 4 | |a kvalita lešteného povrchu |2 slo | |
| 650 | 4 | |a plazmové leštenie |2 slo | |
| 650 | 4 | |a opotrebenie elektrolytu |2 slo | |
| 650 | 4 | |a plasma polishing |2 eng | |
| 650 | 4 | |a electrolyte |2 eng | |
| 650 | 4 | |a polished surface quality |2 eng | |
| 650 | 4 | |a electrolyte wear |2 eng | |
| 700 | 1 | |a Podhorský, Štefan |u 063300 |k Z1 |4 ths |U MTF Ústav výrobných technológií |T MTF Katedra zlievarenstva a práškovej metalurgie |X 2752 |U M3300 |Y 171 |7 A000002752 | |
| 856 | 4 | |u http://is.stuba.sk/zp/portal_zp.pl?podrobnosti=180795 | |
| 996 | |c M* BP-9912 |l MMSKP |s P |a 0 |w stuzp103944_0001 | ||